[Event "NRW Class1 1213"]
[Site "Germany"]
[Date "2013.04.28"]
[Round "9.7"]
[White "Vetter, Herbert"]
[Black "Kopf, Martin"]
[Result "1-0"]
[WhiteElo "2124"]
[BlackElo "1816"]
[PlyCount "69"]
[EventDate "2012.09.16"]
[EventType "team-tourn"]
[EventRounds "9"]
[EventCountry "GER"]
[SourceTitle "EXT 2017"]
[Source "ChessBase"]
[SourceDate "2016.10.25"]
[SourceVersion "1"]
[SourceVersionDate "2016.10.25"]
[SourceQuality "1"]
[WhiteTeam "Langenfeld"]
[BlackTeam "Hattingen"]
[WhiteTeamCountry "GER"]
[BlackTeamCountry "GER"]

1. e4 c6 2. d4 d5 3. Nc3 dxe4 4. Nxe4 Bf5 5. Ng3 Bg6 6. Nf3 Nd7 7. Be2 Qc7 8. 0-0 e6 9. b3 Ngf6 10. Bb2 Bd6 11. c4 Ne4 12. d5 Nxg3 13. hxg3 0-0 14. dxe6 fxe6 15. Nd4 Rae8 16. Bg4 Bf5 17. Bh5 Re7 18. Qd2 Nf6 19. Bf3 Be5 20. Rad1 Bxd4 21. Bxd4 e5 22. Bc5 Rd7 23. Qg5 Bd3 24. Bxf8 Kxf8 25. Rfe1 e4 26. Bg4 Nxg4 27. Qxg4 Rf7 28. Re3 g6 29. Qg5 Kg7 30. Qc5 Rd7 31. Qxa7 Bc2 32. Rxd7+ Qxd7 33. Re1 Qc7 34. Qd4+ Kh6 35. Qd2+ 1-0

[Event "Ruhrgebiet VK1 0910"]
[Site "Ruhrgebiet"]
[Date "2010.01.10"]
[Round "5.8"]
[White "Kopf, Martin"]
[Black "Balke, Reiner"]
[Result "1/2-1/2"]
[WhiteElo "1842"]
[BlackElo "1816"]
[PlyCount "125"]
[EventDate "2009.09.06"]
[EventType "team"]
[EventRounds "9"]
[EventCountry "GER"]
[SourceTitle "EXT 2011"]
[Source "ChessBase"]
[SourceDate "2010.11.26"]
[SourceVersion "1"]
[SourceVersionDate "2010.11.26"]
[SourceQuality "1"]
[WhiteTeam "Hattingen"]
[BlackTeam "Castrop Rauxel II"]
[WhiteTeamCountry "GER"]
[BlackTeamCountry "GER"]

1. d4 e6 2. Nf3 c5 3. c3 d5 4. e3 Nf6 5. Nbd2 cxd4 6. exd4 Bd6 7. Bd3 Nc6 8. 0-0 0-0 9. Re1 Re8 10. Nf1 e5 11. dxe5 Nxe5 12. Nxe5 Rxe5 13. Rxe5 Bxe5 14. Bg5 h6 15. Bh4 Qd6 16. Bg3 Bxg3 17. Nxg3 Be6 18. h3 Rd8 19. Qc2 Nd7 20. Rd1 Ne5 21. Bf5 Nc6 22. Bxe6 Qxe6 23. Nf5 Qf6 24. Nd4 Ne7 25. Re1 a6 26. Qe2 Nc8 27. Qe5 Qxe5 28. Rxe5 f6 29. Re2 Kf7 30. Kf1 Nd6 31. f3 g6 32. Ke1 Nc4 33. b3 Ne5 34. Kd2 h5 35. f4 Nd7 36. b4 Nb6 37. Ne6 Rd6 38. Nc5 Nc4+ 39. Kd3 b5 40. Kd4 h4 41. a3 f5 42. a4 bxa4 43. Nxa4 Kf6 44. Nc5 Na3 45. Re8 Nb5+ 46. Kd3 g5 47. Rh8 gxf4 48. Rh6+ Ke5 49. Rxd6 Nxd6 50. Nxa6 f3 51. gxf3 Kf4 52. Nc7 Kxf3 53. Nxd5 Kg3 54. c4 f4 55. b5 f3 56. b6 f2 57. Ke2 Kg2 58. Ne3+ Kg1 59. c5 Nf5 60. b7 Nxe3 61. Kxe3 f1Q 62. b8Q Qxh3+ 63. Kd4 1/2-1/2